Sports Quiz

Random Sports or Olympics Quiz

Summer Olympic Sports by Athlete Quiz Stats

Quiz Updated Oct 12, 2016

Challenge
Share
Tweet
For purposes of playability and space, not all summer Olympic sports are included.
Score 0/30 Timer 07:00
1 Play Today
Athletes Sport % Correct
Rafael Nadal (ESP), Steffi Graf (FRG), Andre Agassi (USA)Tennis
97.1%
Jan Ullrich (GER), Kristin Armstrong (USA), Lance Armstrong (USA)Road Cycling
94.3%
Lennox Lewis (CAN), Oscar de la Hoya (USA), Michael Carruth (IRL)Boxing
89.2%
Carl Lewis (USA), Usain Bolt (JAM), Babe Didrikson (USA)Athletics
88.1%
Paul Hamm (USA), Nadia Comăneci (ROM), Mary Lou Retton (USA)Artistic Gymnastics
86.5%
Katie Smith (USA), Michael Jordan (USA), Pau Gasol (ESP)Basketball
85.5%
Ian Thorpe (AUS), Mark Spitz (USA), Inge de Bruijn (NED)Swimming
84%
Ronaldinho (BRA), Jürgen Klinsmann (FRG), Brandi Chastain (USA)Football (Soccer)
73.6%
Misty May-Treanor (USA), Natalie Cook (AUS), Phil Dalhausser (USA)Beach Volleyball
73.5%
Guo Jingjing (CHN), Alexandre Despatie (CAN), Greg Louganis (USA)Diving
63.8%
Bradley Wiggins (GBR), Chris Hoy (GBR), Victoria Pendleton (GBR)Track Cycling
43.2%
Ma Lin (CHN), Zhang Yining (CHN), Deng Yaping (CHN)Table Tennis
42.9%
Lloy Ball (USA), Lindsey Berg (USA), Karch Kiraly (USA)Indoor Volleyball
34.8%
Yuriy Melnichenko (KAZ), Rulon Gardner (USA), Dimitrios Thanopoulos (GRE)Greco-Roman Wrestling
34.5%
Cael Sanderson (USA), Khetag Gazyumov (AZE), Bruce Baumgartner (USA)Freestyle Wrestling
25.7%
Athletes Sport % Correct
Anky van Grunsven (NED), Gina Miles (USA), Primmore's Pride (GBR)Equestrian
24.6%
Karen Cockburn (CAN), Dong Dong (CHN), Ekaterina Khilko (UZB)Trampoline
20.5%
Choi Min-Ho (KOR), Masato Uchishiba (JPN), Xian Dongmei (CHN)Judo
15.6%
Tony Estanguet (FRA), Tim Brabants (GBR), Dana Chladek (USA)Canoe/Kayak
13.8%
Tony Azevedo (USA), Bronwen Knox (AUS), Natalie Golda (USA)Water Polo
13.4%
Fabrice Jeannet (FRA), Valentina Vezzali (ITA), Erinn Smart (USA)Fencing
12.4%
Steven López (USA), Chen Zhong (CHN), Hwang Kyung-Seon (KOR)Taekwondo
11.4%
Simon Whitfield (CAN), Bevan Docherty (NZL), Emma Snowsill (AUS)Triathlon
11.1%
Anna Bessonova (UKR), Lori Fung (CAN), Alina Kabaeva (RUS)Rhythmic Gymnastics
10.6%
Pyrros Dimas (GRE), Szymon Kołecki (POL), Tara Nott (USA)Weight Lifting
9.9%
Jill Kintner (USA), Māris Štrombergs (LAT), Mike Day (USA)BMX
9.1%
Simon Fairweather (AUS), Vic Wunderle (USA), Zhang Juanjuan (CHN)Archery
9%
Karen Josephson (USA), Sarah Josephson (USA), Miho Takeda (JPN)Synchronized Swimming
8.2%
Stephanie Cook (GBR), Emily de Riel (USA), Andrey Moiseyev (RUS)Modern Pentathlon
7.1%
Sabine Spitz (GER), Julien Absalon (FRA), Nino Schurter (SUI)Mountain Biking
4.9%

You're not logged in!

Compare scores with friends on all Sporcle quizzes.
Sign Up with Email
OR
Log In

You Might Also Like...

Show Comments

Extras

Top Quizzes Today


Score Distribution

Your Account Isn't Verified!

In order to create a playlist on Sporcle, you need to verify the email address you used during registration. Go to your Sporcle Settings to finish the process.